| 000 | 00620nam a22001937a 4500 | ||
|---|---|---|---|
| 005 | 20140320123826.0 | ||
| 010 | _aENG-109337 | ||
| 020 |
_a9788172736378 _c450.00 |
||
| 035 | _aEN-92870 | ||
| 037 | _bDBAD/PUB | ||
| 082 | _a320.5310954 | ||
| 100 | _aKansra, Deepa | ||
| 245 |
_aIndia and the dynamics of socialism in the global order / _cby Deepa Kansra |
||
| 260 |
_a Delhi _bAuthorspress _c2012 |
||
| 270 |
_aE-35/103, Jawahar Park Laxmi Nagar _bDelhi _e110092 |
||
| 300 |
_avii,155p. _c22cm(Hb) |
||
| 500 | _aIncludes bibliographical references and index | ||
| 942 |
_2ddc _cEN _mKAN _h320.5310954 |
||
| 999 |
_c82597 _d82597 |
||